000 00898 a2200229 4500
005 20251218125047.0
008 251218b |||||||| |||| 00| 0 eng d
037 _cTB
040 _aCRL
_cCRL
041 _2pun
_apun
084 _aO153,3N09,IN K6;R0
_qCRL
100 _aਸੀਤਲ, ਸੋਹਣ ਸਿੰਘ
_9848376
245 _aਇਚੋਗਿਲ ਨਹਰ ਤੱਕ
246 _a Ichogil Nehar Tak / Sohan Singh Seetal,
260 _aLudhiana, Bharat:
_bLahore Book Shop,
_c2020.
300 _a248p.
365 _b250.00
_cINR
650 _aਪੰਜਾਬੀ ਸਾਹਿਤ
_9857806
650 _aਪੰਜਾਬੀ ਕਹਾਣੀ
_9857807
942 _cTB
_2CC
_n0
_hO153,3N09,IN K6;R0
999 _c1464777
_d1464777